Schauspieler anhand eines Bildes erraten - Statistiken

Allgemein
  • Dieses Quiz wurde 1.721 mal gespielt
  • Das Durchschnittsergebnis liegt bei 6 aus 16
Antwortstatistiken
Bildquiz Antwort % Korrekt
Brad Pitt
90%
Leonardo DiCaprio
90%
Margot Robbie
74%
Ben Stiller
55%
Nicolas Cage
48%
Tom Hardy
48%
Robin Williams
46%
Bryan Cranston
32%
Ana de Armas
29%
Shia LaBeouf
20%
Steve Carell
17%
Brendan Fraser
16%
Monica Bellucci
9%
Alain Delon
6%
Vincent Cassel
6%
Devon Bostick
2%
Keine übereinstimmenden Quizze gefunden
Verteilung der Resultate
Anzahl Personen mit jedem Resultat
Perzentil nach korrekt beantworteten Fragen
Ihre Resultats-Entwicklung
Sie haben dieses Quiz noch nicht gespielt